000 00790nmm a2200289 a 4500
003 AR-BaBNM
005 20251128211655.0
008 125020s2003 ||||||||||||||000 | spa||
020 _a950-12-6534-X
040 _cAR-BaBNM
100 1 _aVirno, Paolo
245 1 0 _aEl recuerdo del presente
_bensayo sobre el tiempo histórico
250 _a1ª ed.
260 _aBuenos Aires
_bPaidós
_c2003
300 0 _a208 p.
500 0 _aTraducción de Eduardo Sadier
585 _aExpuesto en: Feria del Libro 2006
650 4 _aHISTORIOGRAFIA
650 4 _aHISTORIA
650 4 _aFILOSOFIA DE LA HISTORIA
650 4 _aMEMORIA
650 4 _aHISTORIA DE LAS IDEAS
650 4 _aMATERIALISMO HISTORICO
700 1 _aSadier, Eduardo
_etraductor
942 _cBK
998 _cmariana
999 _c20657
_d20657